| 000 | 00858nam a2200193 a 4500 | ||
|---|---|---|---|
| 008 | 150817s2001 ||||||||||||||||| || u | ||
| 020 | _a9780321126528 | ||
| 050 | _aQM 25 Mar | ||
| 100 | _aMarieb, Elaine N | ||
| 245 | 1 | 0 |
_aEssentials of human anatomy and physiology.(7th ed.) _cby Elaine N. Marieb |
| 250 | _a7th ed. | ||
| 260 |
_aCanada _bBenjamin/Cummings _c2001 |
||
| 300 | _axix, 588p. :ill. | ||
| 350 | _a0.39 | ||
| 650 | _aHUMAN PHYSIOLOGY--INSTRUCTOR'S GUIDE | ||
| 650 | 3 | _aANATOMY | |
| 995 |
_aMEDICAL LIBRARY OPEN ACCESS _e903037 _FCBU-SCHOOL OF MEDICINE LIBRARY (Ndola) _I0.39 _jQM 25 Mar _M2 _UAVAILABLE _WSep 7, 2015 _y903037 _ZMedical Library Open Access Collection |
||
| 995 |
_aMEDICAL LIBRARY OPEN ACCESS _e903036 _FCBU-SCHOOL OF MEDICINE LIBRARY (Ndola) _I0.39 _jQM 25 Mar _M1 _UAVAILABLE _WSep 7, 2015 _y903036 _ZMedical Library Open Access Collection |
||
| 999 |
_c63840 _d63840 |
||